| 000 | 00920nam1a22002411i 4500 | ||
|---|---|---|---|
| 001 | rc\403787 | ||
| 005 | 20260407121303.0 | ||
| 035 | _a(NLR Aleph) 005805748 | ||
| 090 |
_a5341872 _c5341872 |
||
| 100 | _a20030616d1989 u |0rusy50 ca | ||
| 101 | 0 | _arus | |
| 102 | _aRU | ||
| 105 | _ay ||||||||| | ||
| 200 | 1 |
_aИз истории философского наследия древнего Средиземноморья _e[Сб. ст. _eВ 2 ч.] _fАН СССР, Ин-т философии _g[Отв. ред. Киссель М.А.] |
|
| 210 |
_aМ. _cИФ _d1989 |
||
| 215 | _d20 | ||
| 320 | _aБиблиогр. в примеч. в конце ст. | ||
| 702 | 1 |
_aКиссель _bМ.А. _gМихаил Антонович _4340 |
|
| 712 | 0 | 2 |
_aИнститут философии _cМосква _3RU\NLR\AUTH\889955071 _9406171 |
| 801 | 0 |
_aRU _bNLR _gpsbo |
|
| 801 | 1 |
_aRU _bELAR _2rusmarc |
|
| 852 |
_aNLR _j89-3/6768 |
||
| 942 | _cBOOK | ||